000 00671cam a22002413a 4500
001 26267
003 PGUSA
005 20140828083551.0
008 080801s2008||||xxu|||||s|||||000 | eng d
040 _aPGUSA
_beng
042 _adc
050 4 _aTS
100 1 _aUnited States Rubber Company
245 1 4 _aThe Romance of Rubber
_h[electronic resource] /
_cUnited States Rubber Company
260 _bProject Gutenberg,
_c2008
506 _aPublic domain in the USA.
516 _aElectronic text
653 _aRubber
700 1 _aMartin, John,
_d1865-1947
830 0 _aProject Gutenberg
_v26267
856 4 0 _uhttp://www.gutenberg.org/ebooks/26267
942 _cEB
999 _c255522
_d255522